Normal view
MARC view
Entry Término temático
001 - NÚMERO DE CONTROL
- campo de control: 88194
003 - IDENTIFICADOR DEL NÚMERO DE CONTROL
- campo de control: DO-SdBNP
005 - FECHA Y HORA DE LA ÚLTIMA TRANSACCIÓN
- campo de control: 20250626100542.0
008 - DATOS DE LONGITUD FIJA
- campo de control de longitud fija: 250626|| aca||aabn | a|a d
040 ## - FUENTE DE LA CATALOGACIÓN
- Centro catalogador/agencia de origen: DO-SdBNP
- Centro/agencia transcriptor: DO-SdBNP
150 ## - ENCABEZAMIENTO--TÉRMINO DE MATERIA
- Término de materia o nombre geográfico como elemento de entrada: Alimentos
- Subdivisión general: Conservación
670 ## - FUENTE DE DATOS ENCONTRADOS
- Cita de la fuente: Work cat.: (DO-SdBNP)58716: Ramírez Almánzar, Horacio autor aut. 85636, Ejemplos de casos y problemas en la industria alimentaria /
